| 000 | 00413cam a2200169 04500 | ||
|---|---|---|---|
| 001 | 45724 | ||
| 090 | _a45724 | ||
| 100 | _a19950802d19 m y0pory5003 ba | ||
| 101 | 0 | _apor | |
| 102 | _aPT | ||
| 200 | 1 |
_aRosas de Itália _fArtur Portela |
|
| 210 | 9 |
_aLisboa _cLivraria Bertrand, _d[19--] |
|
| 215 |
_a328 p. _d19 cm |
||
| 675 | _a821.134.3-992 | ||
| 700 | 1 |
_aPortela, _bArtur, _f1901-1959 |
|
| 801 | 0 |
_aPT _bBN _gRPC |
|
| 990 | _cLIVROS | ||